| 000 | 00883cam a22002891 4500 | ||
|---|---|---|---|
| 999 |
_c173373 _d173373 |
||
| 001 | 2642401 | ||
| 003 | Nust | ||
| 005 | 20180724051229.0 | ||
| 008 | 711020t19661965nyu 000 1 eng | ||
| 010 | _a 66023217 | ||
| 020 |
_a0007121032 _cRs. 200 |
||
| 020 | _a9780007121032 | ||
| 038 | _aArshad | ||
| 040 |
_aDLC _cDLC _dDLC _dOCoLC |
||
| 043 | _ae-uk-en | ||
| 050 | 0 | 0 |
_aPZ3.C4637 _bAt 1966 _aPR6005.H66 |
| 082 | 0 | 0 |
_a823.912 _bCHR |
| 100 | 1 |
_aChristie, Agatha, _d1890-1976. _92976 |
|
| 245 | 1 | 0 |
_aAt Bertram's Hotel _cby Agatha Christie. |
| 260 |
_aNew York, _bDodd, Mead _c1965 |
||
| 300 |
_a320 p. _c22 cm. |
||
| 650 | 0 |
_aMarple, Jane (Fictitious character) _xFiction. _911899 |
|
| 650 | 0 |
_aWomen detectives _zEngland _xFiction. _911900 |
|
| 655 | 7 |
_aDetective and mystery stories. _2gsafd _92977 |
|
| 906 |
_a7 _bcbc _corignew _du _eocip _f19 _gy-gencatlg |
||
| 942 |
_2ddc _cBK |
||